| 000 | 00000nam##2200000za#4500 |
| 001 | 9.652039 |
| 003 | CaOODSP |
| 005 | 20210615115357 |
| 007 | ta |
| 008 | 150407|2010||||xxc||||| f|0| 0 eng|d |
| 040 | |aCaOODSP|beng |
| 043 | |an-cn--- |
| 086 | 1 |aIu86-19/2010E |
| 110 | 1 |aCanada.|bIndustry Canada. |bCanadian Tourism Commission. |
| 245 | 10|aExperiences : |ba toolkit for partners of the Canadian Tourism Commission |
| 250 | |aVersion 1.5. |
| 260 | |aVancouver - British Columbia : |bIndustry Canada. |cApril 2010. |
| 300 | |a48p. : |bcoloured maps, tables, photographs ; |c22 cm. |
| 500 | |aThe catalogue number (Iu86-19/2008E) and ISBN (978-0-662-47722-8) of a previous edition are printed in this edition. |
| 520 | 3 |aProvides concrete tools and resources for you, Canada’s operators, small and medium sized enterprises, and tourism associations, to align with the CTC’s dynamic international marketing efforts. |
| 563 | |aProcessed |
| 590 | |a10-28|b2010-07-16 |
| 690 | 07|aTourism|2gcpds |
| 775 | 08|tExpériences : |w(CaOODSP)9.685029 |
| 776 | 0#|tExperiences : |w(CaOODSP)9.693661 |